| 000 | 01271nam a2200421 a 4500 | ||
|---|---|---|---|
| 001 | 20335 | ||
| 003 | CZ PrNK | ||
| 005 | 20260121125623.0 | ||
| 007 | tu | ||
| 008 | 030529s2002 xr a e f 001 0 cze | ||
| 015 | _acnb001197169 | ||
| 020 |
_a807209386X _q(váz.) |
||
| 035 | _a(OCoLC)53268022 | ||
| 040 |
_aABA001 _bcze |
||
| 041 | 1 |
_acze _heng |
|
| 072 | 7 |
_a663 _xPrůmysl nápojů. Kvasný průmysl. Průmysl pochutin _2Konspekt |
|
| 080 |
_a663.2 _2MRF |
||
| 080 |
_a634.8 _2MRF |
||
| 080 |
_a(035) _2MRF |
||
| 100 | 1 |
_aSimon, Joanna _4aut |
|
| 245 | 1 | 0 |
_aO víně / _cJoanna Simonová ; fotografie Ian O'Leary ; [z anglického originálu ... přeložila Lenka Svobodová] |
| 250 | _aVyd. 1. | ||
| 260 |
_aPraha : _bSlovart, _c2002 |
||
| 300 |
_a224 : _bbarev. il. ; _c28 cm |
||
| 500 | _aTerminologický slovníček | ||
| 504 | _aObsahuje rejstřík | ||
| 650 | 0 | 7 |
_avinohradnictví _2czenas |
| 650 | 0 | 7 |
_avinařství _2czenas |
| 650 | 0 | 9 |
_aviticulture _2eczenas |
| 650 | 0 | 9 |
_awine making _2eczenas |
| 655 | 7 |
_apříručky _2czenas |
|
| 655 | 9 |
_ahandbooks and manuals _2eczenas |
|
| 700 | 1 |
_aO'Leary, Ian _4pht |
|
| 765 | 0 | _tSunday Times book of wine | |
| 901 |
_b9788072093861 _f1. vyd. _o20030417 |
||
| 910 | _aABA001 | ||
| 942 |
_2ddc _cOLDO _n0 |
||
| 999 |
_c20335 _d20335 |
||